000 01148nam a22003137a 4500
003 DO-SdBNP
005 20220331111528.0
008 210805b dr ||||| |||| 00| 0 spa d
020 _a99934879x
040 _aBPMSU
_bSpa
_cBNPHU
082 _a306.08
_bI19p 2004
_222
245 _aIdentidad y proyecto de nación /
_cJosefina Záiter... [et. al]
260 _aSanto Domingo:
_bCorripio,
_c2004.
300 _avii, 148 p. ;
_c23 cm.
490 0 _aBiblioteca cultural,
_v3
500 _3Incluye referencias bibliográficas y notas al pie de las páginas.
590 _6Inventariado, 2022/VM
650 4 _aIdentidad nacional
_vEnsayos, conferencias, etc.
650 4 _aIdentidad cultural
_zRepública Dominicana
650 4 _aSociología
_zRepública Dominicana
651 4 _aRepública Dominicana
_xCondiciones Sociales
_3
700 1 _aZaiter, Josefina
700 1 _aHenríquez Gratereaux, Federico,
_d1937-
700 1 _aDavid, León,
_d1945-
700 1 _aMaceiras Fafián, Manuel
710 2 _aFundación Global Democracia y Desarrollo (República Dominicana)
910 _aMcabrera/ VMateo V.
942 _2ddc
_cBK
999 _c13628
_d13628